| 000 | 00998cad a22002535a 4500 | ||
|---|---|---|---|
| 001 | L159412 | ||
| 008 | 170428s2014 xxk f 000 0 eng d | ||
| 020 | _a9781118856680 | ||
| 035 | _a(Sirsi) u159412 | ||
| 041 | 0 | _aeng | |
| 100 | 1 | _aEmmitt, Stephen | |
| 245 | 0 | 0 |
_aBarry's introduction of construction of buildings _h[electronic resource] |
| 250 | _a3rd edition | ||
| 260 |
_aLondon _bJohn Wiley & Sons Ltd _c2014 |
||
| 300 | _aeBook | ||
| 520 | _aProvides an introduction to the construction of buildings. Covers site analysis, groundwork, foundations, floors, walls, roofs, windows, doors, stairs, ramps, surface finishes, internal environment, energy suply, water, sanitation, heat loss and calculations. | ||
| 590 | _aKA | ||
| 650 | 2 | 4 | _aEBOOK |
| 651 | 4 | _aENGLAND AND WALES | |
| 690 |
_aConstruction management _96230 |
||
| 700 | 1 | _aGorse, Christopher A. | |
| 856 | 4 | 8 |
_uhttps://www.vlebooks.com/ _zView on VLEbooks. Logins for members only from [email protected] |
| 942 | _n0 | ||
| 999 |
_c115877 _d115877 |
||